Statystyki dla Państwa według śródlądowych wód powierzchniowych

Kliknij tutaj aby rozwiązać quiz!

Ogólne statystyki

  • Ten quiz został rozwiązany 7 070 razy
  • Średni wynik to 13 z 19

Statystyki odpowiedzi

km2Kraj% Poprawnych
720 500Rosja
98%
377 424Stany Zjednoczone
98%
891 163Kanada
97%
270 550Chiny
95%
157 630Brazylia
93%
314 070Indie
87%
43 710Argentyna
83%
58 920Australia
83%
34 330Finlandia
70%
25 200Kazachstan
69%
39 960Szwecja
69%
93 000Indonezja
65%
77 810Demokratyczna Republika Konga
62%
100 210Kolumbia
59%
30 000Wenezuela
53%
116 600Iran
51%
25 220Pakistan
48%
61 500Tanzania
39%
43 938Uganda
30%

Rozkład punktacji

Percentyl według liczby udzielonych odpowiedzi

Procent ludzi z każdym wynikiem

Twoja historia wyników

Nie rozwiązałeś tego quizu